| 000 | 00000cas 2200000zi 4500 |
| 001 | 9.838746 |
| 003 | CaOODSP |
| 005 | 20260401105953 |
| 006 | m o d f |
| 007 | cr cn||||||||| |
| 008 | 170622c20149999qucar p o f0 b0fre|d |
| 020 | |z9780660063799 |
| 022 | |a2560-9025 |
| 040 | |aCaOODSP|bfre|erda|cCaOODSP |
| 043 | |an-cn--- |
| 086 | 1 |aEn11-15F-PDF|zEn14-262/2016F-PDF |
| 222 | 0|aRendement des émissions de gaz à effet de serre du parc de véhicules légers pour les années de modèle ... |
| 245 | 00|aRendement des émissions de gaz à effet de serre du parc de véhicules légers pour les années de modèle ... : |bpar rapport au Règlement sur les émissions de gaz à effet de serre des automobiles à passagers et des camions légers en vertu de la Loi canadienne sur la protection de l’environnement (1999). |
| 246 | 1 |iLa livraison de 2011 à 2016 comporte le titre : |aRendement en matière d'émissions de gaz à effet de serre pour les années modèles ... parc de véhicules légers : |brelativement au Règlement sur les émissions de gaz à effet de serre des automobiles à passagers et des camions légers en vertu de la Loi canadienne sur la protection de l’environnement (1999) |
| 246 | 1 |iLes livraisons de 2017- comportent le titre : |aRendement en matière d'émissions de gaz à effet de serre pour le parc de véhicules légers de l'année de modèle ... : |brelativement au Règlement sur les émissions de gaz à effet de serre des automobiles à passagers et des camions légers en vertu de la Loi canadienne sur la protection de l’environnement (1999) |
| 264 | 1|aGatineau (Québec) : |bEnvironnement et changement climatique Canada = Environment and Climate Change Canada, |c[2016]- |
| 310 | |aAnnuel |
| 336 | |atexte|btxt|2rdacontent/fre |
| 337 | |ainformatique|bc|2rdamedia/fre |
| 338 | |aressource en ligne|bcr|2rdacarrier/fre |
| 362 | 1 |aParaît depuis : 2011 à 2014. |
| 500 | |aPublié aussi en anglais sous le titre : Greenhouse gas emissions performance for the ... model year light-duty vehicle fleet. |
| 588 | |aDescription d'après : 2011 à 2014; titre de la page couverture du fichier PDF. |
| 588 | |aDernière livraison consultée : 2020. |
| 650 | 6|aAutomobiles|xMoteurs|xGaz d'échappement|zCanada|vPériodiques. |
| 650 | 6|aCamions|xMoteurs|xGaz d'échappement|zCanada|vPériodiques. |
| 650 | 6|aGaz à effet de serre|xRéduction|zCanada|vPériodiques. |
| 655 | 7|aPériodiques|2rvmgf |
| 710 | 1 |aCanada. |bEnvironnement et changement climatique Canada, |eorganisme de publication. |
| 775 | 08|tGreenhouse gas emissions performance for the ... model year light-duty vehicle fleet : |w(CaOODSP)9.838743 |